00358pab a2200121 454500008004000000100002300040245008800063260000900151300001300160362001100173650001800184773003400202180718b2001 xxu||||| |||| 00| 0 eng d aSubramanian, Dilip aGovernment wage policies in public sector, 1947-1982: relative failure of dirigisme c2001 ap.140-54 a13 Jan aPublic sector aEconomic and Political Weekly